UBT Library

VIRUS RESEARCH (Record no. 59291)

000 -LEADER
fixed length control field 00310nam a22001457a 4500
008 - FIXED-LENGTH DATA ELEMENTS--GENERAL INFORMATION
fixed length control field 230127b ||||| |||| 00| 0 eng d
020 ## - INTERNATIONAL STANDARD BOOK NUMBER
International Standard Book Number 5311559
041 ## - LANGUAGE CODE
Language code of text/sound track or separate title eng
080 ## - UNIVERSAL DECIMAL CLASSIFICATION NUMBER
Edition identifier VOLUME 9
Universal Decimal Classification number 573
082 ## - DEWEY DECIMAL CLASSIFICATION NUMBER
Classification number 573SMI
100 ## - Rafti
Rafti 16
101 ## - Shkurtesa
Shkurtesa BIO
245 ## - TITLE STATEMENT
Title VIRUS RESEARCH
Statement of responsibility, etc SMITH M K
942 ## - ADDED ENTRY ELEMENTS (KOHA)
Source of classification or shelving scheme
Item type Books
Holdings
Withdrawn status Lost status Source of classification or shelving scheme Damaged status Not for loan Collection code Permanent location Current location Date acquired Total Checkouts Full call number Barcode Date last seen Price effective from Koha item type
          Koleksioni i përgjithshem UBT - Lipjan UBT - Lipjan 01/27/2023   573SMI 003-165 01/27/2023 01/27/2023 Books
          Koleksioni i përgjithshem UBT - Lipjan UBT - Lipjan 01/27/2023   573SMI 003-166 01/27/2023 01/27/2023 Books
          Koleksioni i përgjithshem UBT - Lipjan UBT - Lipjan 01/27/2023   573SMI 003-167 01/27/2023 01/27/2023 Books
          Koleksioni i përgjithshem UBT - Lipjan UBT - Lipjan 01/27/2023   573SMI 003-168 01/27/2023 01/27/2023 Books
          Koleksioni i përgjithshem UBT - Lipjan UBT - Lipjan 01/27/2023   573SMI 003-169 01/27/2023 01/27/2023 Books
          Koleksioni i përgjithshem UBT - Lipjan UBT - Lipjan 01/27/2023   573SMI 003-170 01/27/2023 01/27/2023 Books
          Koleksioni i përgjithshem UBT - Lipjan UBT - Lipjan 01/27/2023   573SMI 003-171 01/27/2023 01/27/2023 Books
          Koleksioni i përgjithshem UBT - Lipjan UBT - Lipjan 01/27/2023   573SMI 003-172 01/27/2023 01/27/2023 Books
          Koleksioni i përgjithshem UBT - Lipjan UBT - Lipjan 01/27/2023   573SMI 003-173 01/27/2023 01/27/2023 Books
          Koleksioni i përgjithshem UBT - Lipjan UBT - Lipjan 01/27/2023   573SMI 003-174 01/27/2023 01/27/2023 Books
UBT Library © 2015-2024. All rights reserved University Education for Business and Technology